000 01244 a2200361 4500
999 _c5347
_d5347
020 _a9781446268575
020 _a1446268578
020 _a9781446268582
020 _a1446268586
020 _a9781446268582
050 0 0 _aKD2968 GRI 2014
100 1 _aGriffith, Richard
_eauthor.
245 1 0 _aLaw and professional issues in nursing /
_cRichard Griffith and Cassam Tengnah.
250 _aThird edition.
264 1 _aLondon :
_bSAGE/Learning Matters,
_c2014.
300 _ax, 276 pages ;
440 _aTransforming nursing practice
500 _aIncludes bibliographical references (pages 267-270) and index.
504 _aIncludes bibliographical references (pages 267-270) and index.
650 0 _aNursing
_xLaw and legislation
650 0 _aNursing ethics
650 0 _aNurses
_xHandbooks, manuals, etc.
650 1 2 _aLegislation, Nursing
650 2 2 _aNursing Process
_xlegislation & jurisprudence
650 7 _aNursing ethics.
650 7 _aNursing
_xLaw and legislation.
650 7 _aLaw.
651 2 _aGreat Britain
651 7 _aGreat Britain.
700 1 _aTengnah, Cassam,
_eauthor.
942 _2lcc
_cBK
_e3rd edition
_h2968
_iGRI
_kKD